[Event "DVM U20 2023"]
[Site "Magdeburg GER"]
[Date "2023.12.28"]
[Round "4"]
[White "Pivtorak, Illia"]
[Black "Klugstedt, Vincent"]
[Result "1/2-1/2"]
[Termination "normal"]
[Board "2.5"]
[WhiteElo "1684"]
[BlackElo "1984"]
[WhiteClock "00:25:30"]
[BlackClock "00:36:56"]
[WhiteTeam "SK König Plauen"]
[BlackTeam "SK Münster 32"]
[PlyCount "92"]
[WhiteFideId "14194317"]
[BlackFideId "16216393"]
[EventCountry "GER"]
[EventRounds "7"]
[EventType "team-swiss"]
[EventDate "2023.12.26"]

1. d4 {[%clk 01:30:37]} {[%emt 00:00:24]} Nf6 {[%clk 01:30:48]} {[%emt
00:00:11]} 2. Bf4 {[%clk 01:31:01]} {[%emt 00:00:05]} d5 {[%clk 01:29:34]}
{[%emt 00:01:44]} 3. Nf3 {[%clk 01:31:22]} {[%emt 00:00:09]} Bf5 {[%clk
01:26:50]} {[%emt 00:03:16]} 4. e3 {[%clk 01:31:30]} {[%emt 00:00:21]} e6
{[%clk 01:26:11]} {[%emt 00:01:08]} 5. c3 {[%clk 01:31:35]} {[%emt 00:00:25]}
Bd6 {[%clk 01:23:08]} {[%emt 00:03:33]} 6. Bg3 {[%clk 01:29:34]} {[%emt
00:02:31]} O-O {[%clk 01:23:11]} {[%emt 00:00:28]} 7. Bd3 {[%clk 01:29:33]}
{[%emt 00:00:31]} Ne4 {[%clk 01:21:57]} {[%emt 00:01:43]} 8. Qc2 {[%clk
01:13:30]} {[%emt 00:16:34]} c5 {[%clk 01:16:41]} {[%emt 00:05:46]} 9. Nbd2
{[%clk 01:08:42]} {[%emt 00:05:18]} Nxd2 {[%clk 01:09:48]} {[%emt 00:07:23]}
10. Qxd2 {[%clk 01:06:28]} {[%emt 00:02:44]} Bxd3 {[%clk 01:09:28]} {[%emt
00:00:51]} 11. Qxd3 {[%clk 01:06:53]} {[%emt 00:00:04]} Nc6 {[%clk 01:07:34]}
{[%emt 00:02:25]} 12. O-O {[%clk 01:07:07]} {[%emt 00:00:16]} Bxg3 {[%clk
01:05:05]} {[%emt 00:02:59]} 13. hxg3 {[%clk 01:07:30]} {[%emt 00:00:08]} c4
{[%clk 01:04:42]} {[%emt 00:00:51]} 14. Qc2 {[%clk 01:06:06]} {[%emt 00:01:55]}
f5 {[%clk 01:01:54]} {[%emt 00:03:18]} 15. b3 {[%clk 01:04:03]} {[%emt
00:02:33]} b5 {[%clk 01:01:19]} {[%emt 00:01:04]} 16. a4 {[%clk 00:53:06]}
{[%emt 00:11:27]} a6 {[%clk 00:53:38]} {[%emt 00:08:12]} 17. b4 {[%clk
00:49:41]} {[%emt 00:03:54]} Rf7 {[%clk 00:41:59]} {[%emt 00:12:09]} 18. Qb2
{[%clk 00:43:49]} {[%emt 00:06:22]} Rb7 {[%clk 00:41:25]} {[%emt 00:01:05]} 19.
a5 {[%clk 00:38:30]} {[%emt 00:05:50]} g5 {[%clk 00:40:26]} {[%emt 00:01:28]}
20. Qd2 {[%clk 00:36:54]} {[%emt 00:02:05]} g4 {[%clk 00:40:01]} {[%emt
00:00:56]} 21. Nh4 {[%clk 00:30:13]} {[%emt 00:07:10]} Qg5 {[%clk 00:39:27]}
{[%emt 00:01:04]} 22. Kh2 {[%clk 00:27:25]} {[%emt 00:03:18]} Rg7 {[%clk
00:38:39]} {[%emt 00:01:18]} 23. Rh1 {[%clk 00:23:12]} {[%emt 00:04:43]} Ne7
{[%clk 00:35:52]} {[%emt 00:03:17]} 24. Kg1 {[%clk 00:22:47]} {[%emt 00:00:54]}
Nc8 {[%clk 00:35:28]} {[%emt 00:00:54]} 25. Kf1 {[%clk 00:21:55]} {[%emt
00:01:22]} Nd6 {[%clk 00:34:59]} {[%emt 00:00:59]} 26. Ke2 {[%clk 00:20:52]}
{[%emt 00:01:33]} Ne4 {[%clk 00:34:27]} {[%emt 00:01:02]} 27. Qe1 {[%clk
00:20:00]} {[%emt 00:01:22]} Qe7 {[%clk 00:33:19]} {[%emt 00:01:37]} 28. Kd1
{[%clk 00:18:52]} {[%emt 00:01:39]} Qd6 {[%clk 00:32:56]} {[%emt 00:00:54]} 29.
Kc2 {[%clk 00:18:39]} {[%emt 00:00:44]} Rf8 {[%clk 00:31:48]} {[%emt 00:01:37]}
30. Rd1 {[%clk 00:15:54]} {[%emt 00:03:15]} Kf7 {[%clk 00:30:53]} {[%emt
00:01:23]} 31. Qe2 {[%clk 00:15:19]} {[%emt 00:01:07]} Ke7 {[%clk 00:30:39]}
{[%emt 00:00:44]} 32. Rhf1 {[%clk 00:14:03]} {[%emt 00:01:45]} Rf6 {[%clk
00:29:24]} {[%emt 00:01:45]} 33. Rg1 {[%clk 00:13:19]} {[%emt 00:01:15]} Rg5
{[%clk 00:28:09]} {[%emt 00:01:45]} 34. Qe1 {[%clk 00:12:53]} {[%emt 00:00:56]}
Rh5 {[%clk 00:26:30]} {[%emt 00:02:08]} 35. Rh1 {[%clk 00:12:50]} {[%emt
00:00:34]} Rfh6 {[%clk 00:26:28]} {[%emt 00:00:33]} 36. Kb2 {[%clk 00:11:48]}
{[%emt 00:01:32]} Kd7 {[%clk 00:26:38]} {[%emt 00:00:19]} 37. Kc2 {[%clk
00:11:34]} {[%emt 00:00:45]} Kc6 {[%clk 00:26:01]} {[%emt 00:01:07]} 38. Kb2
{[%clk 00:11:08]} {[%emt 00:00:57]} Rg5 {[%clk 00:19:11]} {[%emt 00:07:18]} 39.
Kc2 {[%clk 00:10:17]} {[%emt 00:01:21]} Rf6 {[%clk 00:12:23]} {[%emt 00:07:18]}
40. Kb2 {[%clk 00:03:56]} {[%emt 00:06:52]} Rg7 {[%clk 00:11:44]} {[%emt
00:01:09]} 41. Rg1 {[%clk 00:03:18]} {[%emt 00:01:06]} Rf8 {[%clk 00:10:29]}
{[%emt 00:01:44]} 42. Kc2 {[%clk 00:02:51]} {[%emt 00:00:59]} Rd8 {[%clk
00:10:24]} {[%emt 00:00:35]} 43. Kb2 {[%clk 00:02:04]} {[%emt 00:01:18]} Nf6
{[%clk 00:08:39]} {[%emt 00:02:14]} 44. Qe2 {[%clk 00:29:17]} {[%emt 00:03:18]}
Nh5 {[%clk 00:36:47]} {[%emt 00:02:21]} 45. Rh1 {[%clk 00:27:46]} {[%emt
00:02:01]} Rf8 {[%clk 00:36:56]} {[%emt 00:00:21]} 46. Qd2 {[%clk 00:25:30]}
{[%emt 00:02:46]} Nf6 {[%emt 00:05:35]} 1/2-1/2

[Event "DVM U20 2023"]
[Site "Magdeburg GER"]
[Date "2023.12.28"]
[Round "4"]
[White "Kvantaliani, Saba"]
[Black "Bühring, Marwin"]
[Result "0-1"]
[Termination "normal"]
[Board "2.6"]
[WhiteElo "1963"]
[BlackElo "1427"]
[WhiteClock "00:07:43"]
[BlackClock "00:19:11"]
[WhiteTeam "SK Münster 32"]
[BlackTeam "SK König Plauen"]
[PlyCount "103"]
[WhiteFideId "16284364"]
[BlackFideId "16281985"]
[EventCountry "GER"]
[EventRounds "7"]
[EventType "team-swiss"]
[EventDate "2023.12.26"]

1. c4 {[%clk 01:30:57]} {[%emt 00:00:02]} Nf6 {[%clk 01:30:50]} {[%emt
00:00:10]} 2. Nc3 {[%clk 01:31:13]} {[%emt 00:00:15]} c5 {[%clk 01:30:55]}
{[%emt 00:00:25]} 3. g3 {[%clk 01:31:12]} {[%emt 00:00:32]} e6 {[%emt
00:01:44]} 4. Bg2 {[%clk 01:29:19]} {[%emt 00:00:57]} d5 {[%clk 01:31:20]}
{[%emt 00:00:16]} 5. cxd5 {[%clk 01:29:04]} {[%emt 00:00:44]} exd5 {[%clk
01:31:44]} {[%emt 00:00:06]} 6. d4 {[%clk 01:29:28]} {[%emt 00:00:07]} h6
{[%emt 00:02:35]} 7. e3 {[%clk 01:21:59]} {[%emt 00:07:59]} cxd4 {[%clk
01:29:20]} {[%emt 00:00:49]} 8. exd4 {[%clk 01:21:18]} {[%emt 00:01:10]} Nc6
{[%clk 01:27:00]} {[%emt 00:02:49]} 9. Nf3 {[%clk 01:18:17]} {[%emt 00:03:33]}
Bf5 {[%clk 01:25:19]} {[%emt 00:02:10]} 10. O-O {[%clk 01:15:47]} {[%emt
00:03:00]} Be7 {[%clk 01:25:00]} {[%emt 00:00:48]} 11. Ne5 {[%clk 01:14:37]}
{[%emt 00:01:41]} O-O {[%clk 01:23:36]} {[%emt 00:01:55]} 12. Re1 {[%clk
01:12:16]} {[%emt 00:02:50]} Rc8 {[%clk 01:18:22]} {[%emt 00:05:45]} 13. h4
{[%clk 01:09:39]} {[%emt 00:03:07]} Be6 {[%clk 01:11:58]} {[%emt 00:06:54]} 14.
a3 {[%clk 01:07:22]} {[%emt 00:02:48]} Qb6 {[%clk 01:09:36]} {[%emt 00:02:51]}
15. Na4 {[%clk 01:03:13]} {[%emt 00:04:39]} Qc7 {[%clk 01:07:38]} {[%emt
00:02:28]} 16. Bf4 {[%emt 00:00:44]} Bd6 {[%clk 01:06:40]} {[%emt 00:01:27]}
17. Rc1 {[%clk 01:01:24]} {[%emt 00:02:06]} Nd7 {[%clk 01:00:24]} {[%emt
00:06:45]} 18. Nc3 {[%clk 00:53:01]} {[%emt 00:08:53]} Bxe5 {[%clk 00:43:44]}
{[%emt 00:17:11]} 19. dxe5 {[%clk 00:51:08]} {[%emt 00:02:23]} Nb6 {[%clk
00:43:32]} {[%emt 00:00:41]} 20. Nb5 {[%clk 00:43:35]} {[%emt 00:08:04]} Qd7
{[%clk 00:41:02]} {[%emt 00:02:59]} 21. Nd6 {[%clk 00:42:56]} {[%emt 00:01:09]}
Rcd8 {[%clk 00:34:36]} {[%emt 00:06:57]} 22. Qd3 {[%clk 00:33:55]} {[%emt
00:09:30]} Ne7 {[%clk 00:32:36]} {[%emt 00:02:30]} 23. Qd4 {[%clk 00:30:12]}
{[%emt 00:04:13]} Nf5 {[%clk 00:30:00]} {[%emt 00:03:05]} 24. Nxf5 {[%clk
00:30:36]} {[%emt 00:00:07]} Bxf5 {[%clk 00:30:24]} {[%emt 00:00:06]} 25. e6
{[%clk 00:31:00]} {[%emt 00:00:05]} Bxe6 {[%clk 00:28:47]} {[%emt 00:02:07]}
26. Rc7 {[%clk 00:31:23]} {[%emt 00:00:07]} Qa4 {[%clk 00:28:08]} {[%emt
00:01:09]} 27. Qxa4 {[%clk 00:27:51]} {[%emt 00:04:03]} Nxa4 {[%clk 00:28:32]}
{[%emt 00:00:05]} 28. Rxb7 {[%clk 00:28:11]} {[%emt 00:00:10]} d4 {[%clk
00:25:54]} {[%emt 00:03:09]} 29. Be5 {[%clk 00:24:44]} {[%emt 00:03:56]} d3
{[%clk 00:23:20]} {[%emt 00:03:04]} 30. Rb4 {[%clk 00:18:25]} {[%emt 00:06:49]}
Nc5 {[%clk 00:21:02]} {[%emt 00:02:47]} 31. Bd4 {[%clk 00:18:19]} {[%emt
00:00:37]} a5 {[%clk 00:16:46]} {[%emt 00:04:46]} 32. Bxc5 {[%clk 00:16:44]}
{[%emt 00:02:05]} axb4 {[%clk 00:17:06]} {[%emt 00:00:10]} 33. Bxb4 {[%clk
00:11:58]} {[%emt 00:05:18]} Bb3 {[%clk 00:15:38]} {[%emt 00:01:56]} 34. Bd2
{[%clk 00:10:53]} {[%emt 00:01:35]} Rfe8 {[%clk 00:15:26]} {[%emt 00:00:42]}
35. Kf1 {[%clk 00:10:16]} {[%emt 00:01:08]} f6 {[%clk 00:10:24]} {[%emt
00:05:33]} 36. Be4 {[%clk 00:08:28]} {[%emt 00:02:18]} Re5 {[%clk 00:08:08]}
{[%emt 00:02:45]} 37. Re3 {[%clk 00:07:48]} {[%emt 00:01:11]} Rc5 {[%clk
00:06:01]} {[%emt 00:02:37]} 38. Ke1 {[%clk 00:06:06]} {[%emt 00:02:12]} Rc2
{[%clk 00:04:00]} {[%emt 00:02:31]} 39. Bxd3 {[%clk 00:05:59]} {[%emt
00:00:37]} Rxb2 {[%clk 00:04:19]} {[%emt 00:00:09]} 40. h5 {[%clk 00:02:29]}
{[%emt 00:04:01]} Bf7 {[%clk 00:02:13]} {[%emt 00:02:35]} 41. a4 {[%clk
00:28:50]} {[%emt 00:04:08]} Bxh5 {[%clk 00:31:41]} {[%emt 00:01:03]} 42. f3
{[%clk 00:28:09]} {[%emt 00:01:12]} Be8 {[%clk 00:27:27]} {[%emt 00:04:44]} 43.
Bc3 {[%clk 00:25:02]} {[%emt 00:03:37]} Rb7 {[%clk 00:24:57]} {[%emt 00:02:59]}
44. a5 {[%clk 00:17:47]} {[%emt 00:07:45]} Bc6 {[%clk 00:24:01]} {[%emt
00:01:27]} 45. a6 {[%clk 00:17:42]} {[%emt 00:00:35]} Ra7 {[%clk 00:24:17]}
{[%emt 00:00:14]} 46. Ke2 {[%clk 00:13:25]} {[%emt 00:04:47]} Kf7 {[%clk
00:22:03]} {[%emt 00:02:44]} 47. Bb4 {[%clk 00:11:57]} {[%emt 00:01:59]} Rd5
{[%clk 00:21:40]} {[%emt 00:00:52]} 48. Kf2 {[%clk 00:10:11]} {[%emt 00:02:16]}
Bb5 {[%clk 00:20:57]} {[%emt 00:01:14]} 49. Bc2 {[%clk 00:08:49]} {[%emt
00:01:51]} Re5 {[%clk 00:19:39]} {[%emt 00:01:48]} 50. Bb3+ {[%clk 00:08:18]}
{[%emt 00:01:01]} Ke8 {[%clk 00:19:46]} {[%emt 00:00:23]} 51. Rc3 {[%clk
00:07:40]} {[%emt 00:01:08]} Rxa6 {[%clk 00:19:11]} {[%emt 00:01:05]} 52. f4
{[%clk 00:07:43]} {[%emt 00:00:28]} *

[Event "DVM U20 2023"]
[Site "Magdeburg GER"]
[Date "2023.12.28"]
[Round "4"]
[White "Bethke, Richard"]
[Black "Lohr, Maximilian"]
[Result "1/2-1/2"]
[Termination "normal"]
[Board "3.1"]
[WhiteTitle "FM"]
[WhiteElo "2354"]
[BlackElo "2061"]
[WhiteClock "00:51:28"]
[BlackClock "00:36:24"]
[WhiteTeam "SF Neuberg"]
[BlackTeam "FC Ergolding 1932"]
[PlyCount "85"]
[WhiteFideId "12959243"]
[BlackFideId "12999717"]
[EventCountry "GER"]
[EventRounds "7"]
[EventType "team-swiss"]
[EventDate "2023.12.26"]

1. e4 {[%clk 01:30:58]} {[%emt 00:00:01]} c5 {[%clk 01:30:55]} {[%emt
00:00:05]} 2. Nf3 {[%clk 01:31:25]} {[%emt 00:00:04]} d6 {[%clk 01:31:15]}
{[%emt 00:00:09]} 3. d4 {[%clk 01:31:52]} {[%emt 00:00:03]} cxd4 {[%clk
01:31:40]} {[%emt 00:00:05]} 4. Nxd4 {[%clk 01:32:17]} {[%emt 00:00:05]} Nf6
{[%clk 01:32:03]} {[%emt 00:00:06]} 5. Nc3 {[%clk 01:32:43]} {[%emt 00:00:04]}
a6 {[%clk 01:32:28]} {[%emt 00:00:06]} 6. Be3 {[%clk 01:33:09]} {[%emt
00:00:02]} e5 {[%clk 01:32:51]} {[%emt 00:00:07]} 7. Nf3 {[%clk 01:33:36]}
{[%emt 00:00:04]} Be7 {[%clk 01:32:31]} {[%emt 00:00:50]} 8. Bc4 {[%clk
01:34:02]} {[%emt 00:00:05]} O-O {[%clk 01:32:36]} {[%emt 00:00:24]} 9. O-O
{[%clk 01:34:28]} {[%emt 00:00:03]} Nc6 {[%clk 01:32:46]} {[%emt 00:00:21]} 10.
Qe2 {[%clk 01:34:16]} {[%emt 00:00:41]} Na5 {[%clk 01:31:56]} {[%emt 00:01:21]}
11. Bg5 {[%clk 01:33:30]} {[%emt 00:01:15]} Nxc4 {[%clk 01:30:06]} {[%emt
00:02:20]} 12. Qxc4 {[%clk 01:33:52]} {[%emt 00:00:09]} Be6 {[%clk 01:30:10]}
{[%emt 00:00:25]} 13. Qd3 {[%clk 01:34:18]} {[%emt 00:00:05]} Rc8 {[%clk
01:28:26]} {[%emt 00:02:14]} 14. Rfd1 {[%clk 01:34:40]} {[%emt 00:00:07]} Qb6
{[%clk 01:26:52]} {[%emt 00:02:05]} 15. Rab1 {[%clk 01:32:52]} {[%emt
00:02:17]} Rfd8 {[%clk 01:26:36]} {[%emt 00:00:47]} 16. h3 {[%clk 01:30:01]}
{[%emt 00:03:20]} h6 {[%clk 01:21:36]} {[%emt 00:05:30]} 17. Bxf6 {[%clk
01:26:46]} {[%emt 00:03:46]} Bxf6 {[%clk 01:20:41]} {[%emt 00:01:25]} 18. Ne1
{[%clk 01:27:07]} {[%emt 00:00:07]} Be7 {[%clk 01:13:26]} {[%emt 00:07:45]} 19.
b3 {[%clk 01:24:25]} {[%emt 00:03:11]} Qc6 {[%clk 01:02:31]} {[%emt 00:11:27]}
20. Nd5 {[%clk 01:24:31]} {[%emt 00:00:24]} Bxd5 {[%clk 01:02:19]} {[%emt
00:00:42]} 21. Qxd5 {[%clk 01:24:56]} {[%emt 00:00:05]} Qxd5 {[%clk 01:02:12]}
{[%emt 00:00:37]} 22. Rxd5 {[%clk 01:25:20]} {[%emt 00:00:06]} Rc3 {[%clk
01:02:37]} {[%emt 00:00:05]} 23. a4 {[%clk 01:24:43]} {[%emt 00:01:07]} Rdc8
{[%clk 01:01:27]} {[%emt 00:01:39]} 24. Rbd1 {[%clk 01:23:26]} {[%emt
00:01:46]} f6 {[%clk 00:57:59]} {[%emt 00:04:00]} 25. Kf1 {[%clk 01:22:18]}
{[%emt 00:01:37]} Kf7 {[%clk 00:57:49]} {[%emt 00:00:40]} 26. Ke2 {[%clk
01:22:24]} {[%emt 00:00:23]} Ke6 {[%clk 00:57:27]} {[%emt 00:00:53]} 27. R1d3
{[%clk 01:22:39]} {[%emt 00:00:14]} g6 {[%clk 00:55:20]} {[%emt 00:02:38]} 28.
Rxc3 {[%clk 01:21:57]} {[%emt 00:01:12]} Rxc3 {[%clk 00:55:45]} {[%emt
00:00:06]} 29. Kd2 {[%clk 01:22:21]} {[%emt 00:00:05]} Rc5 {[%clk 00:53:06]}
{[%emt 00:03:08]} 30. Rxc5 {[%clk 01:21:50]} {[%emt 00:01:02]} dxc5 {[%clk
00:53:30]} {[%emt 00:00:06]} 31. Nd3 {[%clk 01:22:15]} {[%emt 00:00:05]} b5
{[%clk 00:52:55]} {[%emt 00:01:06]} 32. g3 {[%clk 01:18:55]} {[%emt 00:03:49]}
f5 {[%clk 00:44:21]} {[%emt 00:09:03]} 33. f4 {[%clk 01:18:30]} {[%emt
00:00:55]} fxe4 {[%clk 00:43:55]} {[%emt 00:00:57]} 34. Nxe5 {[%clk 01:18:29]}
{[%emt 00:00:32]} g5 {[%clk 00:44:20]} {[%emt 00:00:05]} 35. Ke3 {[%clk
00:56:29]} {[%emt 00:22:29]} gxf4+ {[%clk 00:44:42]} {[%emt 00:00:07]} 36. gxf4
{[%clk 00:56:50]} {[%emt 00:00:10]} Kf5 {[%clk 00:44:54]} {[%emt 00:00:17]} 37.
axb5 {[%clk 00:57:07]} {[%emt 00:00:13]} axb5 {[%clk 00:45:19]} {[%emt
00:00:06]} 38. c4 {[%clk 00:57:21]} {[%emt 00:00:14]} Bd6 {[%clk 00:35:37]}
{[%emt 00:10:12]} 39. cxb5 {[%clk 00:56:43]} {[%emt 00:01:10]} Bxe5 {[%clk
00:35:31]} {[%emt 00:00:35]} 40. fxe5 {[%clk 00:57:03]} {[%emt 00:00:09]} Kxe5
{[%clk 00:35:58]} {[%emt 00:00:04]} 41. h4 {[%clk 00:55:26]} {[%emt 00:02:07]}
h5 {[%clk 00:36:25]} {[%emt 00:00:02]} 42. Kd2 {[%clk 00:52:59]} {[%emt
00:02:57]} Kd6 {[%clk 00:36:24]} {[%emt 00:00:30]} 43. Ke3 {[%clk 00:51:28]}
{[%emt 00:02:02]} 1/2-1/2

[Event "DVM U20 2023"]
[Site "Magdeburg GER"]
[Date "2023.12.28"]
[Round "4"]
[White "Mooser, Nicolas"]
[Black "Baranyai-Molnar, Adam-Kristof"]
[Result "0-1"]
[Termination "normal"]
[Board "3.2"]
[WhiteElo "2028"]
[BlackElo "1965"]
[WhiteClock "00:30:18"]
[BlackClock "00:35:00"]
[WhiteTeam "FC Ergolding 1932"]
[BlackTeam "SF Neuberg"]
[PlyCount "102"]
[WhiteFideId "12979406"]
[BlackFideId "768022"]
[EventCountry "GER"]
[EventRounds "7"]
[EventType "team-swiss"]
[EventDate "2023.12.26"]

1. d4 {[%clk 01:30:56]} {[%emt 00:00:03]} f5 {[%clk 01:30:56]} {[%emt
00:00:05]} 2. c4 {[%clk 01:31:01]} {[%emt 00:00:25]} Nf6 {[%clk 01:31:22]}
{[%emt 00:00:04]} 3. g3 {[%clk 01:31:09]} {[%emt 00:00:22]} d6 {[%clk
01:31:48]} {[%emt 00:00:04]} 4. Bg2 {[%clk 01:31:30]} {[%emt 00:00:10]} e5
{[%clk 01:31:18]} {[%emt 00:01:00]} 5. dxe5 dxe5 {[%clk 01:31:47]} 6. Qxd8+
{[%clk 01:27:11]} {[%emt 00:02:10]} Kxd8 {[%clk 01:32:15]} {[%emt 00:00:02]} 7.
Nc3 {[%clk 01:26:19]} {[%emt 00:01:22]} c6 {[%clk 01:32:27]} {[%emt 00:00:18]}
8. e4 {[%clk 01:21:41]} {[%emt 00:05:09]} Bb4 {[%clk 01:31:26]} {[%emt
00:01:31]} 9. Bd2 {[%clk 01:17:06]} {[%emt 00:05:05]} fxe4 {[%clk 01:30:08]}
{[%emt 00:01:48]} 10. Nxe4 {[%clk 01:15:56]} {[%emt 00:01:39]} Bxd2+ {[%clk
01:30:28]} {[%emt 00:00:11]} 11. Kxd2 {[%clk 01:15:27]} {[%emt 00:00:57]} Kc7
{[%clk 01:30:33]} {[%emt 00:00:25]} 12. Re1 {[%clk 01:05:06]} {[%emt 00:10:52]}
Be6 {[%clk 01:22:03]} {[%emt 00:09:01]} 13. Kc3 {[%clk 01:02:22]} {[%emt
00:03:12]} Nbd7 {[%clk 01:20:24]} {[%emt 00:02:09]} 14. Nf3 {[%clk 00:48:36]}
{[%emt 00:14:17]} Rhe8 {[%clk 01:18:53]} {[%emt 00:02:01]} 15. Re2 {[%clk
00:46:28]} {[%emt 00:02:38]} Bf5 {[%clk 01:13:03]} {[%emt 00:06:20]} 16. Nh4
{[%clk 00:43:51]} {[%emt 00:03:08]} Bxe4 {[%clk 01:10:17]} {[%emt 00:03:16]}
17. Bxe4 {[%clk 00:43:10]} {[%emt 00:01:09]} Nxe4+ {[%clk 01:09:04]} {[%emt
00:01:44]} 18. Rxe4 {[%clk 00:43:32]} {[%emt 00:00:07]} g5 {[%clk 01:08:21]}
{[%emt 00:01:14]} 19. Nf5 {[%clk 00:40:54]} {[%emt 00:03:07]} Nf6 {[%clk
01:07:07]} {[%emt 00:01:45]} 20. Re2 {[%clk 00:40:45]} {[%emt 00:00:39]} e4
{[%clk 01:06:21]} {[%emt 00:01:16]} 21. Rd1 {[%clk 00:32:42]} {[%emt 00:08:33]}
Re5 {[%clk 01:01:57]} {[%emt 00:04:54]} 22. Ne3 {[%clk 00:31:54]} {[%emt
00:01:19]} g4 {[%clk 01:01:59]} {[%emt 00:00:28]} 23. Ng2 {[%clk 00:31:01]}
{[%emt 00:01:23]} Rh5 {[%clk 01:00:42]} {[%emt 00:01:48]} 24. Rh1 {[%clk
00:30:30]} {[%emt 00:01:00]} Re8 {[%clk 00:57:11]} {[%emt 00:04:00]} 25. Nf4
{[%clk 00:29:21]} {[%emt 00:01:40]} Rh6 {[%clk 00:57:13]} {[%emt 00:00:29]} 26.
h4 {[%clk 00:28:38]} {[%emt 00:01:13]} gxh3 {[%clk 00:56:38]} {[%emt 00:01:06]}
27. Rxh3 {[%clk 00:28:56]} {[%emt 00:00:10]} Rxh3 {[%clk 00:57:03]} {[%emt
00:00:06]} 28. Nxh3 {[%clk 00:29:23]} {[%emt 00:00:02]} Kd6 {[%clk 00:53:15]}
{[%emt 00:04:18]} 29. b4 {[%clk 00:25:20]} {[%emt 00:04:33]} Ke5 {[%clk
00:45:01]} {[%emt 00:08:44]} 30. Nf4 {[%clk 00:17:34]} {[%emt 00:08:16]} Kf5
{[%clk 00:43:43]} {[%emt 00:01:48]} 31. b5 {[%clk 00:14:05]} {[%emt 00:03:59]}
cxb5 {[%clk 00:41:21]} {[%emt 00:02:53]} 32. cxb5 {[%clk 00:14:26]} {[%emt
00:00:07]} h5 {[%clk 00:41:20]} {[%emt 00:00:33]} 33. Kd4 {[%clk 00:13:22]}
{[%emt 00:01:33]} Rd8+ {[%clk 00:35:01]} {[%emt 00:06:50]} 34. Kc5 {[%clk
00:12:59]} {[%emt 00:00:52]} h4 {[%clk 00:35:05]} {[%emt 00:00:27]} 35. b6
{[%clk 00:09:47]} {[%emt 00:03:42]} a6 {[%clk 00:34:39]} {[%emt 00:00:54]} 36.
a4 {[%clk 00:08:45]} {[%emt 00:01:32]} Rd1 {[%clk 00:33:13]} {[%emt 00:01:57]}
37. Rc2 {[%clk 00:07:10]} {[%emt 00:02:05]} Nd7+ {[%clk 00:31:27]} {[%emt
00:02:15]} 38. Kb4 {[%clk 00:07:11]} {[%emt 00:00:30]} Rb1+ {[%clk 00:31:00]}
{[%emt 00:00:57]} 39. Ka5 {[%clk 00:04:39]} {[%emt 00:03:01]} hxg3 {[%clk
00:28:23]} {[%emt 00:03:08]} 40. fxg3 {[%clk 00:04:57]} {[%emt 00:00:14]} Nxb6
{[%clk 00:02:23]} {[%emt 00:26:30]} 41. Rc5 {[%clk 00:29:03]} {[%emt 00:06:22]}
Kg4 {[%clk 00:32:05]} {[%emt 00:00:48]} 42. Nd5 {[%clk 00:29:07]} {[%emt
00:00:26]} Nxd5 {[%clk 00:31:55]} {[%emt 00:00:41]} 43. Rxd5 {[%clk 00:29:31]}
{[%emt 00:00:05]} b6+ {[%clk 00:32:12]} {[%emt 00:00:14]} 44. Kxa6 {[%clk
00:29:52]} {[%emt 00:00:08]} Kxg3 {[%clk 00:32:38]} {[%emt 00:00:05]} 45. Rb5
{[%clk 00:29:54]} {[%emt 00:00:26]} Rxb5 {[%clk 00:32:51]} {[%emt 00:00:19]}
46. Kxb5 {[%clk 00:29:20]} {[%emt 00:01:04]} e3 {[%clk 00:33:17]} {[%emt
00:00:04]} 47. Kxb6 {[%clk 00:29:43]} {[%emt 00:00:07]} e2 {[%clk 00:33:44]}
{[%emt 00:00:04]} 48. a5 {[%clk 00:30:07]} {[%emt 00:00:05]} e1=Q {[%clk
00:34:09]} {[%emt 00:00:05]} 49. a6 {[%clk 00:30:21]} {[%emt 00:00:16]} Qe7
{[%clk 00:34:07]} {[%emt 00:00:27]} 50. a7 {[%clk 00:30:27]} {[%emt 00:00:28]}
Qe4 {[%clk 00:34:34]} {[%emt 00:00:04]} 51. Kc7 {[%clk 00:30:18]} {[%emt
00:00:40]} Qa8 {[%clk 00:35:00]} {[%emt 00:00:03]} 0-1